000 00981nam0a22002771 4500
001 rc\4322470
005 20250612050104.0
021 _aRU
_b[65-26675]
035 _a(NLR Aleph) 008513019
090 _a8180814
_c8180814
100 _a20130416d1965 |||y0rusy50 ca
101 0 _arus
102 _aRU
105 _aa j |||||
200 1 _aБокс
_e[Учебник для ин-тов физ. культуры]
205 _a4-е изд., перераб. и доп.
210 _aМосква
_cФизкультура и спорт
_d1965
215 _a338 с.
_cил.
_d22
300 _aПеред загл. авт.: К.В. Градополов, проф. заслуж. мастер спорта СССР
606 _aБокс
_jУчебники и пособия
_2psbo
700 1 _aГрадополов
_bК.В.
_gКонстантин Васильевич
801 0 _aRU
_bNLR
_gpsbo
801 1 _aRU
_bELAR
_2rusmarc
852 _aNLR
_j65-5/1743
942 _cBOOK
980 _aNB